000 01097nam0a22002411 4500
001 rc\1078772
005 20041126173546.4
035 _a(NLR Aleph) 006327393
090 _a7509219
_c7509219
100 _a20041126d1984 u |0rusy50 ca
101 0 _arus
102 _aRU
105 _ay |||||||||
200 1 _aСистема земледелия Булатовского отделения ордена Ленина совхоза "Уйский"
_e(Модел. хоз-во для юж. лесостеп. зоны Челяб. обл.)
_eМетод. рекомендации
_fВАСХНИЛ, Юж.-Урал. НИИ земледелия, Челяб. обл. упр. сел. хоз-ва
_g[Разраб. К.И. Шумских и др.]
210 _aНовосибирск
_cСО ВАСХНИЛ
_d1984
215 _a41 с.
_d20
702 1 _aШумских
_bК. И.
_4570
712 0 2 _aЮжно-Уральский НИИ земледелия
_cЧелябинск
_3RU\NLR\AUTH\889918188
801 0 _aRU
_bNLR
_gpsbo
801 1 _aRU
_bELAR
_2rusmarc
852 _aNLR
_j85-4/5665
942 _cBOOK
980 _aNB